01275cam a2200337 i 450000100090000000300050000900500170001400800410003101000170007202000250008902000300011402000270014403800090017104000280018004200080020805000270021608200210024310000320026424501170029626400680041330000280048133600260050933700280053533800270056350400560059065000290064665000260067565000250070165000270072677601840075319852683NUST20191018101725.0170728s2017 ncu b 000 0 eng  a 2017023486 a9781681239323 (pbk.) a9781681239330 (hardcover) z9781681239347 (e-book) aATTA aDLCbengcDLCerdadDLC apcc00aHF5549.5.P35bC65 201700a658.3125 COL2231 aColquitt, Alan L.,eauthor.10aNext generation performance management :bthe triumph of science over myth and superstition /cAlan L. Colquitt. 1aCharlotte, NC :bIAP- Information Age Publishing, Inc.,c[2017] axxi, 214 pages ;c24 cm atextbtxt2rdacontent aunmediatedbn2rdamedia avolumebnc2rdacarrier aIncludes bibliographical references (pages 165-211) 0aPerformancexManagement. 0aPersonnel management. 0aEmployee motivation. 0aOrganizational change.08iOnline version:aColquitt, Alan L., author.tNext generation performance managementdCharlotte, NC : IAP- Information Age Publishing, Inc., [2017]z9781681239347w(DLC) 2017036553